Jazdím, teda som (fit) (Record no. 20270)
[ view plain ]
| 000 -LEADER | |
|---|---|
| fixed length control field | 01547cam a2200457 a 4500 |
| 001 - CONTROL NUMBER | |
| control field | 20270 |
| 003 - CONTROL NUMBER IDENTIFIER | |
| control field | VRT |
| 005 - DATE AND TIME OF LATEST TRANSACTION | |
| control field | 20260120130347.0 |
| 008 - FIXED-LENGTH DATA ELEMENTS--GENERAL INFORMATION | |
| fixed length control field | 240314s2001 xo gr 000 0 slo |
| 015 ## - NATIONAL BIBLIOGRAPHY NUMBER | |
| National bibliography number | SNBA2001/07-02382 |
| 020 ## - INTERNATIONAL STANDARD BOOK NUMBER | |
| International Standard Book Number | 8055100225 |
| 035 ## - SYSTEM CONTROL NUMBER | |
| System control number | SNK000365723 |
| 035 ## - SYSTEM CONTROL NUMBER | |
| System control number | urn:nbn:sk:snk-amjczg |
| 035 ## - SYSTEM CONTROL NUMBER | |
| System control number | urn:nbn:sk:snk-am002j09 |
| 035 ## - SYSTEM CONTROL NUMBER | |
| System control number | 27973773-545E-4333-8EC9-11867FCE7A64 |
| 039 #9 - LEVEL OF BIBLIOGRAPHIC CONTROL AND CODING DETAIL [OBSOLETE] | |
| Level of rules in bibliographic description | 202403141120 |
| Level of effort used to assign nonsubject heading access points | VLOAD |
| Level of effort used to assign subject headings | 202402261804 |
| Level of effort used to assign classification | VLOAD |
| Level of effort used to assign subject headings | 202109201111 |
| Level of effort used to assign classification | msnk162 |
| Level of effort used to assign subject headings | 201508271258 |
| Level of effort used to assign classification | VLOAD |
| 040 ## - CATALOGING SOURCE | |
| Original cataloging agency | SNK |
| Language of cataloging | slo |
| Transcribing agency | SNK |
| Description conventions | AACR2 |
| 041 0# - LANGUAGE CODE | |
| Language code of text/sound track or separate title | slo |
| 044 ## - COUNTRY OF PUBLISHING/PRODUCING ENTITY CODE | |
| MARC country code | xo |
| ISO country code | SK |
| 080 ## - UNIVERSAL DECIMAL CLASSIFICATION NUMBER | |
| Universal Decimal Classification number | 613.6/.8:656.13-051(035) |
| Edition identifier | 1981 |
| 080 ## - UNIVERSAL DECIMAL CLASSIFICATION NUMBER | |
| Universal Decimal Classification number | 656.13-051(035) |
| Edition identifier | 1981 |
| 100 1# - MAIN ENTRY--PERSONAL NAME | |
| Personal name | Malovič, Pavel, |
| Dates associated with a name | 1952- |
| Relationship | aut |
| 245 10 - TITLE STATEMENT | |
| Title | Jazdím, teda som (fit) |
| Remainder of title | papierová autolekárnička |
| Statement of responsibility, etc. | Pavel Malovič |
| 260 ## - PUBLICATION, DISTRIBUTION, ETC. | |
| Place of publication, distribution, etc. | Bratislava |
| Name of publisher, distributor, etc. | Ikar |
| Date of publication, distribution, etc. | 2001 |
| 300 ## - PHYSICAL DESCRIPTION | |
| Extent | 83 s. |
| Dimensions | 18 cm |
| 490 1# - SERIES STATEMENT | |
| Series statement | Prémiová knižnica |
| 500 ## - GENERAL NOTE | |
| General note | Vyd. pre Media klub, Bratislava |
| 650 07 - SUBJECT ADDED ENTRY--TOPICAL TERM | |
| Topical term or geographic name entry element | vodiči |
| Source of heading or term | SNKPH |
| 650 07 - SUBJECT ADDED ENTRY--TOPICAL TERM | |
| Topical term or geographic name entry element | zdravie |
| Source of heading or term | SNKPH |
| 650 07 - SUBJECT ADDED ENTRY--TOPICAL TERM | |
| Topical term or geographic name entry element | kondícia |
| Source of heading or term | SNK |
| 655 #7 - INDEX TERM--GENRE/FORM | |
| Genre/form data or focus term | príručky |
| Source of term | SNKPH |
| 710 0# - ADDED ENTRY--CORPORATE NAME | |
| Corporate name or jurisdiction name as entry element | Media klub |
| Relationship | pbl |
| 830 #0 - SERIES ADDED ENTRY--UNIFORM TITLE | |
| Uniform title | Prémiová knižnica |
| 910 ## - USER-OPTION DATA (OCLC) | |
| User-option data | snk |
| 942 ## - ADDED ENTRY ELEMENTS (KOHA) | |
| Source of classification or shelving scheme | Dewey Decimal Classification |
| Koha item type | Odborná literatúra pre dospelých |
| Suppress in OPAC | No |
| 949 ## - LOCAL PROCESSING INFORMATION (OCLC) | |
| 6 | 273K0098165 |
| a | svkpoA 179099 |
| b | svkpo445634 |
| 949 ## - LOCAL PROCESSING INFORMATION (OCLC) | |
| 6 | 17A0295259 |
| 9 | P60, <03>, [BOOK], {603} |
| a | snkSD 71480 |
| b | snkKSP 4969/2001 |
| 949 ## - LOCAL PROCESSING INFORMATION (OCLC) | |
| 6 | 17A0295260 |
| 9 | P60, <04>, [BOOK], {604} |
| a | snkSD 71480 D1 |
| b | snkKSP 4970/2001 |
| s | 6100:20140925 |
| 949 ## - LOCAL PROCESSING INFORMATION (OCLC) | |
| 6 | 270001000338396 |
| a | svkbbA 125321 |
| b | svkbbm 701255 |
| Stav vyradenia | Strata | Poškodenie | Spôsob nadobudnutia | Domovská knižnica | Aktuálna knižnica | Dátum nadobudnutia | Total checkouts | Čiarový kód exemplára | Date last seen | Typ exemplára |
|---|---|---|---|---|---|---|---|---|---|---|
| Dar | Obecná knižnica Horná Štubňa | Obecná knižnica Horná Štubňa | 20.01.2026 | 9788055100227 | 20.01.2026 | Odborná literatúra pre dospelých |
